Microsoft systems journal

Salvato in:
Dettagli Bibliografici
Natura: Periodico
Pubblicazione: 1998
Tags: Aggiungi Tag
Nessun Tag, puoi essere il primo ad aggiungerne!!

MARC

LEADER 00000nas a22000003a 4500
001 stu71546
005 20141121230934.7
008 011106s1998----------------------------d
040 |a STU  |b slo 
041 0
245 |a Microsoft systems journal 
260 |c 1998 
500 |a 1998 
500 |a 12 
500 |a 1-12 
773 0 |t Microsoft systems journal  |w stu_us_cat*stu60113  |x 0889-9932  |7 nnas 
996 |d Vol. 13, 1998  |v Vol. 13  |y 1998  |l EE0103  |s A  |a 24  |w stu71546_0001